00424nam a22001337a 4500003000500000082000800005100002000013245008900033264003700122300001200159650002700171700003500198856005700233NUST a200 aSarwar, Ayesha  aText Summarization from Judicial Records using Deep Neural Machines /cAyesha Sarwar aIslamabad :bSEECS, NUST,c2021. a64 p. ; aMS in Computer Science aSupervisor: Dr. Faisal Shafait uhttp://10.250.8.41:8080/xmlui/handle/123456789/28261